000 00566cam a22002291 4500
001 sa 68000080
003 DLC
005 20260227112420.0
008 890724s1964 ii b 000 0 hino
010 _asa 68000080
035 _a(OCoLC)20062851
040 _aDLC
_cWaU
_dDLC
042 _apremarc
050 0 0 _aPK1939
_b.M48
100 1 _aMiśra, Rāmadahina.
245 1 0 _aAlaṅkāra-darpaṇa.
260 _c[1964]
300 _a2, 192 p.
_c22 cm.
500 _aIn Hindi.
504 _aBibliographical footnotes.
650 0 _aHindi language
_xRhetoric.
999 _c76927
_d76927